[Event "Villa Ballester op 73rd"]
[Site "Buenos Aires"]
[Date "2024.01.28"]
[Round "9"]
[White "Gando, Ignacio"]
[Black "Depiante, Ivan Fernando"]
[Result "1-0"]
[WhiteElo "1867"]
[BlackElo "1346"]
[PlyCount "123"]
[EventDate "2024.01.19"]
[EventType "swiss"]
[EventRounds "9"]
[EventCountry "ARG"]
[SourceTitle "CB06_2024"]
[SourceDate "2024.02.07"]
[SourceVersion "1"]
[SourceVersionDate "2024.02.07"]
[SourceQuality "1"]

1. d4 Nf6 2. Nf3 e6 3. e3 d5 4. Bd3 Nbd7 5. Nbd2 c5 6. c3 c4 7. Bc2 Bd6 8. e4 dxe4 9. Nxe4 Nxe4 10. Bxe4 0-0 11. Qe2 Qc7 12. Bc2 e5 13. Bg5 exd4 14. Nxd4 Ne5 15. 0-0-0 Nd3+ 16. Bxd3 cxd3 17. Qxd3 Bf4+ 18. Bxf4 Qxf4+ 19. Qe3 Qxe3+ 20. fxe3 Bg4 21. Rd2 Rfe8 22. Re1 Re5 23. Rf2 Rc8 24. h3 Bd7 25. Kd2 b5 26. Rf4 a6 27. g4 h5 28. gxh5 Rxh5 29. h4 f6 30. Rg1 Kf7 31. Nf3 Rd5+ 32. Rd4 Rxd4+ 33. cxd4 Bc6 34. Rf1 Ke6 35. Kd3 Bd5 36. Nd2 f5 37. Rg1 Kf6 38. e4 fxe4+ 39. Nxe4+ Bxe4+ 40. Kxe4 Rh8 41. Rg4 Rh5 42. b4 g6 43. a3 Kf7 44. d5 Kf6 45. Kd4 Rh7 46. Kc5 Rc7+ 47. Kb6 Rc4 48. Rg3 Rxh4 49. Rd3 Ke7 50. Kxa6 Kd6 51. Kxb5 g5 52. a4 g4 53. a5 Rh5 54. a6 g3 55. a7 g2 56. a8Q g1Q 57. Qd8+ Ke5 58. Qe8+ Kd6 59. Qxh5 Qg7 60. Qh2+ Kd7 61. Qh3+ Kd6 62. Qg3+ 1-0

[Event "Villa Ballester op 73rd"]
[Site "Buenos Aires"]
[Date "2024.01.21"]
[Round "4"]
[White "Gando, Ignacio"]
[Black "Adam, Ernestina"]
[Result "0-1"]
[WhiteElo "1867"]
[BlackElo "2035"]
[PlyCount "72"]
[EventDate "2024.01.19"]
[EventType "swiss"]
[EventRounds "9"]
[EventCountry "ARG"]
[SourceTitle "CB06_2024"]
[SourceDate "2024.02.07"]
[SourceVersion "1"]
[SourceVersionDate "2024.02.07"]
[SourceQuality "1"]

1. e4 c5 2. Ne2 d6 3. Nbc3 a6 4. g3 Nf6 5. Bg2 g6 6. 0-0 Bg7 7. d3 Nc6 8. h3 0-0 9. Be3 Ne8 10. Qd2 Nd4 11. Kh2 Rb8 12. Nf4 b5 13. Nd1 Nc6 14. c3 b4 15. Ne2 Qc7 16. f4 f5 17. e5 Bb7 18. d4 bxc3 19. bxc3 Na5 20. dxc5 Bxg2 21. exd6 Qb7 22. Rf2 Nc4 23. Qd3 Nxe3 24. Nxe3 Be4 25. Qc4+ Kh8 26. dxe7 Qxe7 27. Nd4 Rc8 28. Ne6 Rf6 29. Nxg7 Kxg7 30. g4 Qxc5 31. Qe2 Nd6 32. Rg1 Kh8 33. Rg3 Nc4 34. gxf5 Nxe3 35. fxg6 Nf5 36. g7+ Nxg7 0-1

[Event "Buenos Aires Carnival op"]
[Site "Buenos Aires"]
[Date "2023.02.20"]
[Round "5"]
[White "Gando, Ignacio"]
[Black "Ostoich, Mariano Ivan"]
[Result "0-1"]
[WhiteElo "1812"]
[BlackElo "2113"]
[PlyCount "76"]
[EventDate "2023.02.18"]
[EventType "swiss"]
[EventRounds "7"]
[EventCountry "ARG"]
[SourceTitle "EXT 2024"]
[Source "ChessBase"]
[SourceDate "2023.10.10"]
[SourceVersion "1"]
[SourceVersionDate "2023.10.10"]
[SourceQuality "1"]

1. e4 c5 2. c3 Nf6 3. e5 Nd5 4. d4 cxd4 5. Nf3 Nc6 6. cxd4 d6 7. Bc4 Nb6 8. Bb5 dxe5 9. Nxe5 Bd7 10. Nxd7 Qxd7 11. 0-0 Rd8 12. Bxc6 bxc6 13. Qf3 e6 14. Nc3 Be7 15. Rd1 0-0 16. Qg4 Kh8 17. Bf4 Nd5 18. Be5 f6 19. Bg3 f5 20. Qh5 Nxc3 21. bxc3 f4 22. Bh4 Rf5 23. Qxf5 exf5 24. Bxe7 Qxe7 25. Re1 Qf7 26. Re2 Re8 27. Rb2 h6 28. Rab1 f3 29. gxf3 Qg6+ 30. Kh1 Qh5 31. Kg2 Qg5+ 32. Kh1 Qf4 33. Kg2 Re6 34. Rb8+ Kh7 35. R1b7 Qc1 36. d5 Rg6+ 37. Kh3 Qf1+ 38. Kh4 Qxf2+ 0-1

[Event "Villa Ballester op 72nd"]
[Site "Villa Ballester"]
[Date "2023.01.21"]
[Round "4"]
[White "Gando, Ignacio"]
[Black "Conlazo, Eusebio"]
[Result "1/2-1/2"]
[WhiteElo "1813"]
[BlackElo "1941"]
[PlyCount "128"]
[EventDate "2023.01.18"]
[EventType "swiss"]
[EventRounds "9"]
[EventCountry "ARG"]
[SourceTitle "EXT 2024"]
[Source "ChessBase"]
[SourceDate "2023.10.10"]
[SourceVersion "1"]
[SourceVersionDate "2023.10.10"]
[SourceQuality "1"]

1. e4 e6 2. b3 d5 3. Bb2 dxe4 4. Nc3 Nf6 5. g4 h6 6. Bg2 Nbd7 7. Qe2 Be7 8. 0-0-0 c6 9. Nxe4 Nxe4 10. Bxe4 Nf6 11. Bg2 Qc7 12. h4 Bf8 13. Nh3 Bd7 14. g5 hxg5 15. hxg5 Nd5 16. Be5 Qa5 17. a4 a6 18. Nf4 Nxf4 19. Bxf4 Rxh1 20. Rxh1 Qf5 21. Qe3 0-0-0 22. Bh3 Qc5 23. d4 Qa3+ 24. Kb1 Be8 25. Bxe6+ fxe6 26. Qxe6+ Bd7 27. Qe5 Bd6 28. Qxd6 Qxd6 29. Bxd6 Bf5 30. Be5 g6 31. Rh7 Rd7 32. Rh2 c5 33. dxc5 Rd2 34. f3 Bxc2+ 35. Kb2 Rxh2 36. Bxh2 Bf5 37. Kc3 Kd7 38. b4 Kc6 39. Kc4 Be6+ 40. Kd4 Bb3 41. f4 Be6 42. Ke5 Bf5 43. Bg1 Bc2 44. Kf6 Bf5 45. Kf7 Be4 46. Bf2 Bf5 47. Ke7 Bg4 48. Kd8 Bf5 49. Be3 Be4 50. Bf2 Bf5 51. Bd4 Be4 52. Kc8 Bf5+ 53. Kb8 Bd3 54. Be3 Be4 55. Bf2 Bd3 56. Bg1 Be4 57. b5+ axb5 58. axb5+ Kxb5 59. f5 Bxf5 60. Kxb7 Be4+ 61. Kc7 Bc6 62. Kd6 Be4 63. Ke6 Kc6 64. Ke5 Bf5 1/2-1/2